[Event "Speed Chess GP1 2021"]
[Site "chess.com INT"]
[Date "2021.09.18"]
[Round "4"]
[White "Sjugirov,S"]
[Black "Nakamura,Hi"]
[Result "1/2-1/2"]
[WhiteElo "2663"]
[BlackElo "2736"]

1.e4 e5 2.Nf3 Nc6 3.Bb5 a6 4.Ba4 g6 5.d4 b5 6.Bb3 exd4 7.Nxd4 Na5 8.e5 Bb7
9.Nf3 Nxb3 10.axb3 Bg7 11.O-O h6 12.Nc3 Ne7 13.Re1 O-O 14.Bf4 Re8 15.Qd3 Nf5
16.Rad1 Bc6 17.Nd5 a5 18.h3 b4 19.g4 Ne7 20.Nf6+ Bxf6 21.exf6 Nd5 22.Rxe8+ Qxe8
23.Bxh6 Qe6 24.Bg5 Qd6 25.Re1 Qc5 26.Nd4 Nb6 27.Nxc6 dxc6 28.Bf4 Nd5 29.Bg3 Nxf6
30.Bxc7 Nd5 31.Bg3 Rd8 32.Qe4 Kh7 33.Kg2 Rd7 34.Qc4 Qb6 35.h4 c5 36.h5 gxh5
37.Qe4+ Qg6 38.gxh5 Qxe4+ 39.Rxe4 Nf6 40.Re5 Nd5 41.Rf5 f6 42.Kf3 Kg7 43.Bf4 Kf7
44.Be3 Ke6 45.Ke4 Nxe3 46.fxe3 Rc7 47.Rf2 Kf7 48.Rh2 c4 49.h6 Kg8 50.h7+ Kh8
51.bxc4 Rxc4+ 52.Kd5 Rc8 53.b3 Rc3 54.e4 Rc7 55.Ke6 Rc6+ 56.Kf5 Ra6 57.Rh6 Rc6
58.Rxf6 Rxc2 59.Ra6 Kxh7 60.Ra7+ Kg8 61.e5 Rc3 62.Kg6 Kf8 63.Kf6 Ke8 64.e6 Rf3+
65.Ke5 Rxb3 66.Ra8+ Ke7 67.Ra7+ Ke8 68.Ra8+ Ke7 69.Ra7+ Ke8  1/2-1/2

[Event "Speed Chess GP1 2021"]
[Site "chess.com INT"]
[Date "2021.09.18"]
[Round "5"]
[White "Nakamura,Hi"]
[Black "Rustemov,A"]
[Result "1-0"]
[WhiteElo "2736"]
[BlackElo "2525"]

1.Nf3 d5 2.e3 Nf6 3.c4 c6 4.d4 Bf5 5.Nc3 e6 6.Nh4 Bg6 7.Qb3 Qc7 8.Bd2 Nbd7
9.cxd5 exd5 10.Nxg6 hxg6 11.O-O-O b5 12.Qc2 Rc8 13.h3 Be7 14.Kb1 Nb6 15.Bd3 Nc4
16.Bc1 O-O 17.g4 Rfe8 18.g5 Nh5 19.h4 a5 20.Bxg6 fxg6 21.Qxg6 Nf6 22.gxf6 Bxf6
23.h5 Qf7 24.Qd3 Nd6 25.f3 Qe6 26.h6 Qf5 27.hxg7 Qxd3+ 28.Rxd3 Kxg7 29.Rg1+ Kf7
30.Rf1 Ke6 31.e4 b4 32.Na4 dxe4 33.Nc5+ Ke7 34.fxe4 Rf8 35.e5 Bh8 36.Bg5+  1-0

[Event "Speed Chess GP1 2021"]
[Site "chess.com INT"]
[Date "2021.09.18"]
[Round "6"]
[White "Jobava,Ba"]
[Black "Nakamura,Hi"]
[Result "0-1"]
[WhiteElo "2582"]
[BlackElo "2736"]

1.e4 c6 2.c4 e5 3.Nc3 Nf6 4.Nf3 Qa5 5.Be2 Bb4 6.O-O Qc7 7.d3 O-O 8.Bg5 Be7
9.Re1 h6 10.Be3 Ng4 11.Bd2 Bc5 12.Rf1 a5 13.h3 Nf6 14.Na4 Be7 15.Be3 d6 16.Bb6 Qd7
17.Be3 Qc7 18.Nb6 Ra6 19.Nxc8 Rxc8 20.Qc2 Bd8 21.d4 c5 22.d5 Nbd7 23.Nd2 Nf8
24.Nb1 N6h7 25.f3 Bg5 26.Bf2 Qe7 27.Nc3 h5 28.a3 h4 29.Rfb1 Rca8 30.Qd1 b6
31.Qe1 Ng6 32.Bf1 Nf6 33.b3 Nh5 34.Ra2 Bf4 35.Ne2 Qg5 36.Nxf4 exf4 37.Rab2 Ne5
38.Kh2 Ng3 39.Qc3 Kh7 40.Bd3 Qf6 41.Qd2 Rb8 42.Be2 Ra7 43.Qd1 Qg5 44.Be1 Qf6
45.Rc2 Qg5 46.Bc3 Re8 47.Rcb2 Kh6 48.Bd3 Kh7 49.Qd2 Kg8 50.Qd1 Nh5 51.Bf1 f5
52.exf5 Qxf5 53.Qc2 Qg5 54.Be1 Rae7 55.Bf2 Ng3 56.Qc3 Qf6 57.Rc2 Nf5 58.Bd3 Nd4
59.Bxd4 cxd4 60.Qd2 Nxd3 61.Qxd3 Re3  0-1

[Event "Speed Chess GP1 2021"]
[Site "chess.com INT"]
[Date "2021.09.18"]
[Round "7"]
[White "Nakamura,Hi"]
[Black "Le Tuan Minh"]
[Result "1-0"]
[WhiteElo "2736"]
[BlackElo "2514"]

1.Nf3 d5 2.e3 Nf6 3.c4 c6 4.d4 Bg4 5.h3 Bxf3 6.Qxf3 e6 7.Nc3 Nbd7 8.Bd3 Bd6
9.O-O O-O 10.Rd1 Re8 11.Qe2 Qe7 12.Bd2 Rad8 13.c5 Bc7 14.f4 g6 15.b4 Nh5
16.g4 Ng7 17.Qf2 f6 18.Kh1 e5 19.f5 e4 20.Be2 gxf5 21.gxf5 Kh8 22.Rg1 Rg8
23.Raf1 Rdf8 24.b5 Ne8 25.Bd1 Nb8 26.a4 Qf7 27.Qh4 Rxg1+ 28.Rxg1 Rg8 29.Rxg8+ Qxg8
30.Bg4 Nd7 31.Ne2 Ng7 32.Qh6 Qb8 33.Be1 Qd8 34.Nf4 Bxf4 35.Qxf4 Ne8 36.h4 Qe7
37.h5 Qg7 38.Bh4 h6 39.Be2 Kh7 40.Kh2 Qg8 41.a5 cxb5 42.Bxb5 Qg7 43.Qg3  1-0

[Event "Speed Chess GP1 2021"]
[Site "chess.com INT"]
[Date "2021.09.18"]
[Round "8"]
[White "Terry,R"]
[Black "Nakamura,Hi"]
[Result "0-1"]
[WhiteElo "2504"]
[BlackElo "2736"]

1.e4 c5 2.Nf3 d6 3.Bb5+ Bd7 4.Bxd7+ Nxd7 5.O-O Ngf6 6.Qe2 Rc8 7.c3 e6 8.d4 Be7
9.Rd1 cxd4 10.cxd4 d5 11.e5 Ne4 12.Ne1 h6 13.f3 Ng5 14.Be3 O-O 15.Nd3 Rc6
16.Nd2 f6 17.Nb3 a5 18.Rac1 a4 19.exf6 Rxf6 20.Rxc6 bxc6 21.Nbc5 Bxc5 22.Nxc5 Nxc5
23.dxc5 Nf7 24.f4 Qb8 25.Bd4 Rxf4 26.Qxe6 Qb4 27.Bc3 Qxc5+ 28.Kh1 Qc4 29.h3 a3
30.Qe8+ Kh7 31.Qb8 Rf1+ 32.Rxf1 Qxf1+ 33.Kh2 c5 34.bxa3 d4 35.Bd2 Qe2 36.Bf4 d3
37.Qc7 Ng5  0-1

[Event "Speed Chess GP1 2021"]
[Site "chess.com INT"]
[Date "2021.09.18"]
[Round "9"]
[White "Nakamura,Hi"]
[Black "Drozdowski,K"]
[Result "1-0"]
[WhiteElo "2736"]
[BlackElo "2448"]

1.Nf3 c5 2.b3 Nc6 3.Bb2 Nf6 4.e3 g6 5.d4 cxd4 6.Nxd4 Bg7 7.Be2 O-O 8.O-O d5
9.Nxc6 bxc6 10.c4 Re8 11.Nc3 e5 12.cxd5 cxd5 13.Rc1 a6 14.Na4 Bf5 15.Nc5 Qd6
16.Qd2 h5 17.Rfd1 d4 18.exd4 Ng4 19.Bxg4 Bxg4 20.f3 Bf5 21.d5 Kh7 22.Qf2 Bh6
23.Rc4 Bg7 24.Ne4 Qd7 25.Qb6 Re6 26.Ng5+ Kg8 27.Nxe6 Bxe6 28.Qc6 Rd8 29.Qxd7 Rxd7
30.Ra4 Bxd5 31.Ra5  1-0

[Event "Meltwater Tour Final 2021"]
[Site "chess24.com INT"]
[Date "2021.09.25"]
[Round "1.2"]
[White "Nakamura,Hi"]
[Black "Giri,A"]
[Result "1/2-1/2"]
[WhiteElo "2736"]
[BlackElo "2777"]

1.d4 Nf6 2.c4 g6 3.Nc3 d5 4.cxd5 Nxd5 5.e4 Nxc3 6.bxc3 Bg7 7.Nf3 c5 8.Be3 O-O
9.Rc1 Bg4 10.d5 Nd7 11.Be2 Bxf3 12.Bxf3 c4 13.O-O Qc7 14.Be2 b5 15.f4 Rad8
16.Bf3 Nc5 17.e5 Nd3 18.Rb1 a6 19.a4 Qa5 20.Qd2 Rd7 21.Be4 Rc8 22.axb5 axb5
23.Bd4 Nc5 24.Bxc5 Rxc5 25.Qe3 Rc8 26.h4 Rb8 27.Ra1 Qd8 28.Rfb1 f6 29.e6 Rd6
30.f5 gxf5 31.Bf3 Qb6 32.Qxb6 Rdxb6 33.Ra7 Kf8 34.d6 Rxd6 35.Rxb5 Rbd8 36.Ra8 Bh6
37.Rxd8+ Rxd8 38.Bd5 Bd2 39.Bxc4 Bxc3 40.Rxf5 Rd4 41.Be2 Rxh4 42.g4 Rh3 43.Rf3 Rxf3
44.Bxf3  1/2-1/2

[Event "Meltwater Tour Final 2021"]
[Site "chess24.com INT"]
[Date "2021.09.25"]
[Round "1.1"]
[White "Giri,A"]
[Black "Nakamura,Hi"]
[Result "0-1"]
[WhiteElo "2777"]
[BlackElo "2736"]

1.e4 e5 2.Nf3 Nc6 3.Bc4 Bc5 4.c3 Nf6 5.d3 O-O 6.O-O d5 7.exd5 Nxd5 8.Re1 Bg4
9.Nbd2 Nb6 10.h3 Bh5 11.Bb3 Qxd3 12.Nxe5 Qf5 13.Nef3 Bg6 14.Qe2 Be7 15.Nf1 Rae8
16.Ng3 Qc8 17.Bf4 Na5 18.Ne5 Nxb3 19.axb3 Bd6 20.Qf3 Re6 21.Re2 a6 22.Rd1 Rf6
23.Qe3 Re8 24.Qc1 Bxe5 25.Rxe5 Rfe6 26.Rxe6 Qxe6 27.c4 Qc6 28.Re1 Rxe1+ 29.Qxe1 h6
30.Kh2 Nd7 31.Ne2 Nc5 32.Nd4 Qd7 33.Qe3 Nd3 34.Nf3 f6 35.Qd2 Qe7 36.Bg3 c5
37.Ng1 Qe1 38.Qxe1 Nxe1 39.Bd6 Bc2 40.Bxc5 Bxb3 41.Nf3 Nd3 42.Bd4 Bxc4 43.Nd2 Bd5
44.f3 h5 45.h4 Kf7 46.Nf1 b5 47.Ng3 g6 48.Ne2 g5 49.hxg5 fxg5 50.Nc3 Bc6
51.Nd1 Kg6 52.Nf2 Nf4 53.b4 Kf5 54.Be3 g4 55.fxg4+ hxg4 56.Kg3 Nh5+ 57.Kh4 Nf6
58.Bd4 Bxg2 59.Bxf6 Kxf6 60.Nxg4+ Ke6 61.Kg3 Bb7 62.Kf4 Kd5 63.Ne5 Kd4 64.Nf7 Kc3
65.Nd6 Bc6 66.Ke3 Kxb4 67.Kd2 Ka3 68.Kc1 Ka2 69.Nf5 b4 70.Nd4 Be4 71.Ne2 a5
72.Kd2 Kb2  0-1

[Event "Meltwater Tour Final 2021"]
[Site "chess24.com INT"]
[Date "2021.09.25"]
[Round "1.3"]
[White "Giri,A"]
[Black "Nakamura,Hi"]
[Result "1-0"]
[WhiteElo "2777"]
[BlackElo "2736"]

1.e4 e5 2.Nf3 Nc6 3.Bc4 Bc5 4.c3 Nf6 5.d3 O-O 6.O-O d5 7.exd5 Nxd5 8.Re1 Bg4
9.Nbd2 Nb6 10.h3 Bh5 11.Bb3 Qxd3 12.Nxe5 Qf5 13.Nef3 Bg6 14.Ne4 Rad8 15.Bd2 Be7
16.Ng3 Qc8 17.Qc1 a5 18.h4 a4 19.Bc2 Nc4 20.Bf4 a3 21.b4 Nb2 22.b5 Bc5 23.bxc6 Bxf2+
24.Kxf2 Bxc2 25.Qxc2 Nd3+ 26.Kg1 Nxf4 27.Nf5 Kh8 28.Qe4 Nd5 29.Ng5 g6  1-0

[Event "Meltwater Tour Final 2021"]
[Site "chess24.com INT"]
[Date "2021.09.25"]
[Round "1.6"]
[White "Giri,A"]
[Black "Nakamura,Hi"]
[Result "1-0"]
[WhiteElo "2777"]
[BlackElo "2736"]

1.e4 e5 2.Nf3 Nc6 3.Bc4 Bc5 4.O-O Nf6 5.d3 O-O 6.h3 h6 7.c3 d6 8.Re1 a6 9.a4 Ba7
10.Nbd2 Ne7 11.d4 Ng6 12.Bd3 Re8 13.Nf1 Bd7 14.Ng3 c5 15.dxe5 dxe5 16.a5 Be6
17.Ra4 Qc7 18.Nd2 Rad8 19.Qc2 Nf4 20.Bf1 Qc6 21.Nc4 Bb8 22.b3 Bc7 23.Ra1 Rd7
24.Be3 Red8 25.f3 Nd3 26.Red1 Bxc4 27.bxc4 Nf4 28.Nf5 h5 29.Bf2 g6 30.Rxd7 Rxd7
31.Ne3 Bd8 32.h4 Ne6 33.g3 Rd6 34.Nd5 Qe8 35.Bh3 Nh7 36.Qa4 Qxa4 37.Rxa4 Nhf8
38.f4 exf4 39.gxf4 Rc6 40.Ra2 Nd7 41.Kg2 Nf6 42.Kf3 Ne8 43.e5 Rc8 44.Ke4 N8g7
45.Rb2 Bxa5 46.Ne7+  1-0

[Event "Meltwater Tour Final 2021"]
[Site "chess24.com INT"]
[Date "2021.09.25"]
[Round "1.5"]
[White "Nakamura,Hi"]
[Black "Giri,A"]
[Result "1/2-1/2"]
[WhiteElo "2736"]
[BlackElo "2777"]

1.d4 Nf6 2.c4 g6 3.Nf3 Bg7 4.e3 O-O 5.Be2 d6 6.b3 a5 7.Bb2 a4 8.b4 c6 9.a3 Ne4
10.Nbd2 Nxd2 11.Qxd2 Bg4 12.O-O d5 13.cxd5 cxd5 14.h3 Bxf3 15.Bxf3 e6 16.Rac1 Nd7
17.Be2 Nf6 18.Bd3 Ne4 19.Bxe4 dxe4 20.Rc5 Qd7 21.Qc2 b6 22.Rc3 Qd5 23.Rc6 f5
24.Rd1 f4 25.exf4 Rxf4 26.Bc1 Rff8 27.Be3 Qb3 28.Qc1 b5 29.Rc3 Qd5 30.Rc5 Qb7
31.Rc7 Qd5 32.Rc5 Qb7 33.d5 exd5 34.Rc7 Qa6 35.Rxd5 Rac8 36.Rdd7 Rxc7 37.Qxc7 Qf6
38.Bd4 Qxd4 39.Rxd4 Bxd4 40.Qc6 Bxf2+ 41.Kf1 Bg3+ 42.Ke2 Rf5 43.Qd7 h5 44.Qc8+ Kh7
45.Qd7+ Kh6 46.Qd2+ Kh7 47.Qd7+ Kh6 48.Qd8 h4 49.Qh8+ Kg5 50.Ke3 Re5 51.Qd8+ Kh6
52.Qf6 Kh7 53.Qf7+ Kh6 54.Qg8 Kg5 55.Qh8 Bf4+ 56.Ke2 Bg3 57.Qd8+ Kh6 58.Ke3 Kg7
59.Qd7+ Kh6 60.Qf7 Kg5 61.Qf8 Kh5  1/2-1/2

[Event "Meltwater Tour Final 2021"]
[Site "chess24.com INT"]
[Date "2021.09.26"]
[Round "2.3"]
[White "Nakamura,Hi"]
[Black "Radjabov,T"]
[Result "1/2-1/2"]
[WhiteElo "2736"]
[BlackElo "2763"]

1.d4 Nf6 2.c4 e6 3.Nf3 d5 4.Nc3 Be7 5.Bf4 O-O 6.e3 Nbd7 7.a3 c5 8.cxd5 Nxd5
9.Nxd5 exd5 10.dxc5 Nxc5 11.Be5 Bf5 12.Be2 Bf6 13.Bxf6 Qxf6 14.Qd4 Qd6 15.Rd1 Rad8
16.Qd2 Qf6 17.Qd4 Qd6 18.Qd2 Qf6 19.Qd4 Qd6  1/2-1/2

[Event "Meltwater Tour Final 2021"]
[Site "chess24.com INT"]
[Date "2021.09.26"]
[Round "2.2"]
[White "Radjabov,T"]
[Black "Nakamura,Hi"]
[Result "1/2-1/2"]
[WhiteElo "2763"]
[BlackElo "2736"]

1.d4 Nf6 2.c4 e6 3.Nf3 d5 4.Nc3 Be7 5.Bg5 h6 6.Bxf6 Bxf6 7.e3 O-O 8.Rc1 dxc4
9.Bxc4 Nd7 10.O-O c5 11.Ne4 cxd4 12.Nxf6+ Nxf6 13.Nxd4 Qb6 14.Qb3 Qxb3 15.Bxb3 Bd7
16.Rc7 Rab8 17.Rfc1 Rfd8 18.f4 Ne8 19.R7c2 Nd6 20.Rc7 Ne8 21.R7c2 Nd6 22.Rc7 Ne8  1/2-1/2

[Event "Meltwater Tour Final 2021"]
[Site "chess24.com INT"]
[Date "2021.09.26"]
[Round "2.5"]
[White "Radjabov,T"]
[Black "Nakamura,Hi"]
[Result "0-1"]
[WhiteElo "2763"]
[BlackElo "2736"]

1.d4 Nf6 2.c4 e6 3.Nf3 d5 4.Nc3 Be7 5.Bg5 h6 6.Bxf6 Bxf6 7.e3 O-O 8.Rc1 dxc4
9.Bxc4 Nd7 10.Ne4 c5 11.Nxf6+ Qxf6 12.O-O Rd8 13.Bb5 cxd4 14.Qxd4 Qxd4 15.Nxd4 e5
16.Nb3 Nf6 17.Rfd1 Be6 18.Kf1 Rxd1+ 19.Rxd1 Rc8 20.Rc1 Rxc1+ 21.Nxc1 Kf8
22.a3 Ke7 23.Ne2 Ne4 24.Bd3 Nc5 25.Bc2 Bc4 26.Ke1 Bxe2 27.Kxe2 b6 28.b4 Nb7
29.Kd3 Nd6 30.Kc3 f5 31.f4 Kf6 32.g3 g5 33.Bd3 Ke6 34.Bc4+ Kf6 35.Bd3 h5
36.h4 g4 37.Kb3 b5 38.Kc3 Ke6 39.Bb1 Kf6 40.Bd3 a6 41.Kb3 Ke6 42.a4 Kd5 43.axb5 axb5
44.Kc2 Nc4 45.Bxc4+ Kxc4 46.fxe5 Kd5 47.e6 Kxe6 48.Kd2 Ke5 49.Kd3 Kd5  0-1

[Event "Meltwater Tour Final 2021"]
[Site "chess24.com INT"]
[Date "2021.09.26"]
[Round "2.6"]
[White "Nakamura,Hi"]
[Black "Radjabov,T"]
[Result "1/2-1/2"]
[WhiteElo "2736"]
[BlackElo "2763"]

1.d4 Nf6 2.c4 g6 3.Nc3 Bg7 4.e4 d6 5.Nf3 O-O 6.Be2 Nbd7 7.O-O e5 8.Be3 h6
9.Re1 Ng4 10.Bc1 c6 11.h3 Ngf6 12.Be3 Re8 13.Qc2 exd4 14.Bxd4 Nc5 15.e5 Bf5
16.Qd1 Nfe4 17.Nxe4 Bxe4 18.Nd2 Bf5 19.Nf3 Be4 20.Nd2 Bd3 21.Nf3 Bxe2 22.Rxe2 Re6
23.Qc2 b6 24.exd6 Rxd6 25.Bxg7 Kxg7 26.Ne5 Ne6 27.Re3 Rd2 28.Qc3 Qd4 29.Qxd4 Nxd4
30.Rd3 Rxd3 31.Nxd3 Rd8 32.Kf1 Kf6 33.Rd1 a5 34.Nf4 g5 35.Nh5+ Kf5 36.g4+ Ke5
37.Re1+ Kd6 38.Ng3 Kc5 39.Rd1 Kxc4 40.Nf5 c5 41.Nxh6 f6 42.Nf5 Rh8 43.Ne3+ Kb5
44.Kg2 Kc6 45.a4 Ne6 46.Nd5 Rf8 47.Ne7+ Kc7 48.Kg3 Nd4 49.Nd5+ Kc6 50.Ne3 Re8
51.h4 Ne2+ 52.Kf3 Nd4+ 53.Kg3 gxh4+ 54.Kxh4 b5 55.axb5+ Kxb5 56.Kh5 Rg8 57.f4 a4
58.Nd5 f5 59.gxf5 Nxf5 60.Nc3+ Kb4 61.Ra1 Ra8 62.Kg6 Nd6 63.f5 a3 64.Nd5+ Kb3
65.Rxa3+ Rxa3 66.bxa3 Kxa3 67.f6 c4 68.f7 Nxf7 69.Kxf7 c3 70.Nxc3  1/2-1/2

[Event "Meltwater Tour Final 2021"]
[Site "chess24.com INT"]
[Date "2021.09.27"]
[Round "3.2"]
[White "Nakamura,Hi"]
[Black "Aronian,L"]
[Result "1/2-1/2"]
[WhiteElo "2736"]
[BlackElo "2782"]

1.d4 Nf6 2.c4 g6 3.Nc3 Bg7 4.e4 d6 5.Nf3 O-O 6.Be2 c5 7.O-O Re8 8.Re1 a6
9.h3 cxd4 10.Nxd4 Nc6 11.Be3 Nxd4 12.Bxd4 Be6 13.Bf1 Rc8 14.Nd5 Nd7 15.Bxg7 Kxg7
16.Qd2 f6 17.Rac1 Bf7 18.b3 Rc6 19.Re3 Qb8 20.a4 Qd8 21.a5 e6 22.Nf4 b6 23.axb6 Qxb6
24.b4 Ne5 25.Ra3 g5 26.c5 dxc5 27.Rxa6 Qxb4 28.Qxb4 cxb4 29.Raxc6 Nxc6 30.Rxc6 gxf4
31.Rb6 e5 32.Rxb4 Ra8 33.Bc4 Ra1+ 34.Kh2 Bxc4 35.Rxc4 Rf1 36.f3 Ra1 37.Rc7+ Kg6
38.Rc6 h5 39.Rc8 Kg7 40.Rc7+ Kg6 41.Rc8 Kg7 42.Rc7+ Kg6 43.Rc8  1/2-1/2

[Event "Meltwater Tour Final 2021"]
[Site "chess24.com INT"]
[Date "2021.09.27"]
[Round "3.1"]
[White "Aronian,L"]
[Black "Nakamura,Hi"]
[Result "0-1"]
[WhiteElo "2782"]
[BlackElo "2736"]

1.e4 e5 2.Nf3 Nc6 3.Bc4 Bc5 4.O-O Nf6 5.d3 O-O 6.h3 d5 7.exd5 Nxd5 8.Re1 Be6
9.c3 h6 10.b4 Bb6 11.b5 Na5 12.Bxd5 Bxd5 13.Nxe5 Re8 14.Nd2 Bxf2+ 15.Kxf2 Rxe5
16.Kg1 Qe7 17.Rf1 Qc5+ 18.d4 Qxc3 19.dxe5 Qxa1 20.Nb3 Qxa2 21.Qxd5 Qxb3 22.Qd7 Qe6
23.Qxc7 b6 24.Bf4 Nb3 25.Qb7 Qc8 26.Qf3 Nd4 27.Qd5 Qd8 28.Qb7 Qc8 29.Qd5 Ne6
30.Be3 Rb8 31.Qf3 Qd7 32.Qg3 Qd3 33.Rf3 Qg6 34.Qe1 Rd8 35.Kh2 Qe4 36.Qa1 Rd3
37.Qxa7 Qxe5+ 38.Kg1 Rxe3 39.Qxf7+ Kh7  0-1

[Event "Meltwater Tour Final 2021"]
[Site "chess24.com INT"]
[Date "2021.09.27"]
[Round "3.3"]
[White "Aronian,L"]
[Black "Nakamura,Hi"]
[Result "1/2-1/2"]
[WhiteElo "2782"]
[BlackElo "2736"]

1.e4 e5 2.Nf3 Nc6 3.Bc4 Bc5 4.O-O Nf6 5.d3 O-O 6.h3 d5 7.exd5 Nxd5 8.Re1 Be6
9.c3 h6 10.Nbd2 Nf4 11.Ne4 Bxc4 12.Bxf4 exf4 13.dxc4 Qxd1 14.Raxd1 Be7 15.Nd4 Nxd4
16.cxd4 Rfe8 17.Nc3 c6 18.Kf1 Bb4 19.Re2 Kf8 20.Rde1 Rxe2 21.Kxe2 Re8+ 22.Kd2 Rxe1
23.Kxe1 Bxc3+ 24.bxc3 b6 25.Ke2 f5 26.d5 Ke7 27.Kd3 Kd6 28.Kd4 a5 29.dxc6 Kxc6
30.h4 a4 31.h5 a3 32.c5 f3 33.gxf3 bxc5+ 34.Kc4 Kd6 35.f4 Ke6 36.Kxc5 g6
37.hxg6 h5 38.Kd4 Kf6 39.Ke3 Kxg6 40.Kf3 Kf6 41.Kg3 Ke6 42.Kh4 Kd5 43.Kg5 h4
44.Kxh4 Kc4 45.Kg5 Kxc3 46.Kxf5 Kb2 47.Kg6 Kxa2 48.f5 Kb3 49.f6 a2 50.f7 a1=Q
51.f8=Q Qg1+ 52.Kh7 Qh2+ 53.Kg8 Qg2+ 54.Qg7 Qxf2 55.Qf7+ Qxf7+ 56.Kxf7  1/2-1/2

[Event "Meltwater Tour Final 2021"]
[Site "chess24.com INT"]
[Date "2021.09.27"]
[Round "3.4"]
[White "Nakamura,Hi"]
[Black "Aronian,L"]
[Result "1-0"]
[WhiteElo "2736"]
[BlackElo "2782"]

1.d4 Nf6 2.c4 g6 3.Nc3 Bg7 4.e4 d6 5.Nf3 O-O 6.Be2 b6 7.O-O Bb7 8.Qc2 c5
9.d5 Nbd7 10.Bf4 Nh5 11.Be3 a6 12.Rad1 b5 13.cxb5 axb5 14.Bxb5 Ba6 15.a4 Nhf6
16.Rfe1 Ng4 17.Bf4 Bxb5 18.Nxb5 Qa5 19.b3 Rfc8 20.Na3 Qc3 21.Qxc3 Bxc3 22.Re2 Rcb8
23.Nb5 Bf6 24.Rc1 Kg7 25.h3 Nge5 26.Nxe5 Bxe5 27.Bg5 Ra6 28.g3 Kf8 29.Kg2 Bg7
30.Bf4 Rb7 31.Rec2 f5 32.f3 Kf7 33.Re2 fxe4 34.fxe4 Ne5 35.Bxe5 Bxe5 36.Rf2+ Ke8
37.Rf3 Ra8 38.Rc2 h5 39.Rcf2 Kd7 40.Rf8 Rbb8 41.Rxb8 Rxb8 42.Rf3 g5 43.g4 Rh8
44.gxh5 Rxh5 45.a5 g4 46.Rd3 Kc8 47.Na7+ Kb7 48.Nc6 Bf6 49.hxg4 Rh4 50.Rg3 Bg5
51.Rh3 Rxh3 52.Kxh3 e5 53.Kg2 Ka6 54.Kf3 Kb5 55.Ke2 Bf6 56.Kd3 Bh4 57.a6 Kxa6
58.Kc4 Kb6 59.b4 cxb4 60.Nxb4 Bg5 61.Nc2 Bh4 62.Ne3 Bg5 63.Nf5 Kc7 64.Ng7 Kd7
65.Ne6 Bc1 66.g5 Ke7 67.g6 Kf6 68.g7 Kf7 69.Kb5 Ba3 70.Kc6 Bb4 71.Kd7 Ba3
72.Ng5+ Kxg7 73.Ke6 Kg6 74.Nf7 Bb4 75.Nxd6 Kg5 76.Nb7 Kf4 77.d6  1-0

[Event "Meltwater Tour Final 2021"]
[Site "chess24.com INT"]
[Date "2021.09.28"]
[Round "4.5"]
[White "Nakamura,Hi"]
[Black "So,W"]
[Result "1-0"]
[WhiteElo "2736"]
[BlackElo "2778"]

1.c4 c5 2.Nf3 Nc6 3.d4 cxd4 4.Nxd4 Nf6 5.Nc3 e6 6.g3 Qb6 7.e3 d5 8.cxd5 Nxd5
9.Bg2 Nxc3 10.bxc3 Bd7 11.O-O Rc8 12.Bd2 Be7 13.Rb1 Qa6 14.Re1 Na5 15.c4 b6
16.Bf1 Nxc4 17.Bb4 b5 18.Bxe7 Kxe7 19.Qh5 g6 20.Qh4+ f6 21.a4 Qxa4 22.Qh6 Kf7
23.Red1 Rc7 24.Bd3 Ne5 25.Bxb5 Qa2 26.Be2 Qa3 27.Ra1 Qf8 28.Qf4 g5 29.Qe4 Qa8
30.Qb1 h5 31.f4 gxf4 32.exf4 Ng4 33.Bf3 Qb8 34.Qxb8 Rxb8 35.h3 Ne3 36.Rd3 Nc4
37.Bxh5+ Ke7 38.Bg4 Rb6 39.Re1 a5 40.Rc3 a4 41.Be2 Rb4 42.Rec1 a3 43.Nc2 Rb2
44.Bxc4 a2 45.Na3 e5 46.fxe5 fxe5 47.g4 Be6 48.Bxa2 Rxc3 49.Rxc3 Rxa2 50.Nc2 Kf6
51.Kf2 Bf7 52.Kg3 Bd5 53.Ne3 Be4 54.h4 Ra1 55.Rc4 Bb7 56.Rb4 Ba8 57.Rb6+ Kf7
58.h5 Ra3 59.Kf2 Ra2+ 60.Kf1 Ra1+ 61.Ke2 Ra2+ 62.Kd3 Ra3+ 63.Kd2 Ra2+ 64.Kc1 Bf3
65.h6 Re2 66.g5 Be4 67.Ng4 Rg2 68.Nxe5+ Ke7 69.g6  1-0

[Event "Meltwater Tour Final 2021"]
[Site "chess24.com INT"]
[Date "2021.09.28"]
[Round "4.1"]
[White "Nakamura,Hi"]
[Black "So,W"]
[Result "1/2-1/2"]
[WhiteElo "2736"]
[BlackElo "2778"]

1.d4 Nf6 2.c4 e6 3.Nf3 d5 4.g3 Be7 5.Bg2 O-O 6.Nc3 dxc4 7.Ne5 c5 8.dxc5 Qxd1+
9.Nxd1 Bxc5 10.Bd2 Nc6 11.Nxc4 Bd7 12.Rc1 Rac8 13.O-O Nd4 14.Re1 Bc6 15.Bxc6 Nxc6
16.Nc3 Rfd8 17.Be3 Bxe3 18.Nxe3 Kf8 19.f3 Ke7 20.Kf2 g5 21.Red1 Rxd1 22.Rxd1 h5
23.h3 a6 24.g4 hxg4 25.hxg4 Ne5 26.Rc1 Rc6 27.Rc2 Nc4 28.Nxc4 Rxc4 29.Rc1 b5
30.a3 b4 31.axb4 Rxb4 32.Ra1 Rxb2 33.Rxa6 Rb3 34.Rc6 Kd7 35.Rc5 Kd6 36.Rc8 Kd7
37.Rc5 Kd6 38.Rc8 Kd7 39.Rc5  1/2-1/2

[Event "Meltwater Tour Final 2021"]
[Site "chess24.com INT"]
[Date "2021.09.28"]
[Round "4.6"]
[White "So,W"]
[Black "Nakamura,Hi"]
[Result "0-1"]
[WhiteElo "2778"]
[BlackElo "2736"]

1.e4 e5 2.Nf3 Nc6 3.d4 exd4 4.Nxd4 Nf6 5.Nxc6 bxc6 6.e5 Qe7 7.Qe2 Nd5 8.h4 a5
9.c4 Nb6 10.Nd2 g6 11.h5 Bg7 12.Nf3 Qb4+ 13.Kd1 Ba6 14.b3 O-O-O 15.h6 Bf8
16.Ng5 Qe7 17.Rh3 d5 18.exd6 Qd7 19.Kc2 Bxd6 20.Rd3 Rhe8 21.Qf3 f5 22.Be3 c5
23.Be2 Qe7 24.Qh3 Kb8 25.g3 Bc8 26.Qh1 f4 27.gxf4 Bxf4  0-1

[Event "Meltwater Tour Final 2021"]
[Site "chess24.com INT"]
[Date "2021.09.29"]
[Round "5.3"]
[White "Carlsen,M"]
[Black "Nakamura,Hi"]
[Result "1-0"]
[WhiteElo "2855"]
[BlackElo "2736"]

1.e4 e5 2.Nf3 Nc6 3.Bb5 Nf6 4.d3 Bc5 5.Bxc6 dxc6 6.O-O Bd6 7.Bg5 h6 8.Bh4 Qe7
9.Nbd2 Bg4 10.h3 Bh5 11.d4 O-O-O 12.Re1 Qe6 13.c4 Bxf3 14.Nxf3 Qxc4 15.dxe5 Bxe5
16.Nxe5 Qb5 17.Nxc6 Qxc6 18.Qb3 Rd7 19.Rac1 Qe6 20.Qxe6 fxe6 21.Bg3 b6 22.Rc6 Re8
23.Be5 Kb7 24.Rec1 Ree7 25.f3 Ne8 26.h4 h5 27.Kh2 g6 28.Kg3 Rd2 29.R6c2 Rxc2
30.Rxc2 Rf7 31.b4 a6 32.a4 Rf8 33.b5 axb5 34.axb5 Kc8 35.Ra2 Kd7 36.Ra8 Rf7
37.Ra1 Rf8 38.Kf2 Nd6 39.Bxd6 Kxd6 40.Rd1+ Ke7 41.Ke3 Ra8 42.Rc1 Kd7 43.Kf4 Ra2
44.g4 Ra3 45.Rf1 Ke7 46.Kg5 Kf7 47.Kh6 Rc3 48.g5 Rd3 49.Rc1 Rd7 50.Rc6 Re7
51.f4 Rd7 52.f5 gxf5 53.exf5 exf5 54.Rf6+ Kg8 55.Rxf5 Rd6+ 56.Kxh5 c6 57.bxc6 Rxc6
58.g6 Rc8 59.Kg5 Rb8 60.h5 b5  1-0

[Event "Meltwater Tour Final 2021"]
[Site "chess24.com INT"]
[Date "2021.09.29"]
[Round "5.2"]
[White "Nakamura,Hi"]
[Black "Carlsen,M"]
[Result "1/2-1/2"]
[WhiteElo "2736"]
[BlackElo "2855"]

1.d4 Nf6 2.c4 e6 3.g3 d5 4.Bg2 Bb4+ 5.Nd2 O-O 6.Nf3 dxc4 7.a3 Bxd2+ 8.Bxd2 Bd7
9.Rc1 Bc6 10.Rxc4 Bd5 11.Rc1 h6 12.O-O Nc6 13.e3 a5 14.Qe2 a4 15.Rfd1 Bb3
16.Re1 Bd5 17.Bc3 Ne4 18.Qc2 f5 19.Nd2 Nxd2 20.Qxd2 Bxg2 21.Kxg2 Rf7 22.Qe2 Ne7
23.f3 Qd7 24.Rcd1 Nd5 25.e4 fxe4 26.fxe4 Nxc3 27.bxc3 Qd6 28.Qb2 Raf8 29.Rd2 Rf3
30.d5 e5 31.Ree2 b6 32.Rf2 Rxf2+ 33.Rxf2 Rxf2+ 34.Kxf2 Qc5+ 35.Kg2 Qc4 36.Qb4 Qe2+
37.Kg1 b5 38.h4 Kh7 39.Qc5 Qe1+ 40.Kh2 Qxe4 41.Qxb5 Qc2+ 42.Kh3 Qf5+ 43.Kg2 e4
44.Qxa4 Qf3+ 45.Kh2 e3 46.Qc2+ Kh8 47.Qg2 Qg4 48.Qf1 Qe4 49.Qe2 Qxd5 50.Qxe3 Qa2+
51.Kh3 Qxa3 52.Qe8+ Kh7 53.Qe4+ Kh8 54.Qe8+ Kh7 55.Qe4+ Kh8 56.Qe8+  1/2-1/2

[Event "Meltwater Tour Final 2021"]
[Site "chess24.com INT"]
[Date "2021.09.29"]
[Round "5.1"]
[White "Carlsen,M"]
[Black "Nakamura,Hi"]
[Result "1-0"]
[WhiteElo "2855"]
[BlackElo "2736"]

1.e4 e5 2.Nf3 Nc6 3.Bb5 Nf6 4.d3 Bc5 5.Bxc6 dxc6 6.O-O Bd6 7.Nbd2 Be6 8.b3 O-O
9.Bb2 Nd7 10.d4 f6 11.dxe5 fxe5 12.Qe2 Qe7 13.a4 Rf7 14.h3 Raf8 15.Rad1 h6
16.Nh2 c5 17.Nc4 Rf6 18.Qd3 Qf7 19.f3 h5 20.Nxd6 cxd6 21.Qe3 Qe7 22.Qg5 Re8
23.Rf2 Bf7 24.Nf1 Nf8 25.Qd2 Ng6 26.Ne3 Nh4 27.Kh2 Kh7 28.Rdf1 Ng6 29.Nf5 Qf8
30.f4 Nxf4 31.Rxf4 exf4 32.Bxf6 gxf6 33.Qxd6 Qxd6 34.Nxd6 Re7 35.Rxf4 Kg6
36.Kg3 Be6 37.Rf3 b6 38.Kf4 h4 39.g4 hxg3 40.Rxg3+ Kh7 41.h4 Rd7 42.e5 fxe5+
43.Kxe5 Bg8 44.Nf5 Kh8 45.c4 Rd1 46.Ne7 Bh7 47.Nd5 Rh1 48.Nf6 Rxh4 49.Nxh7 Kxh7
50.Kd6 Rh6+ 51.Kc7 Rf6 52.Kb7 Rf7+ 53.Ka6 Rc7 54.Rd3 Kg6 55.Rd8 Re7 56.Rb8 Kf5
57.Rb7 Re3 58.Kxa7 Rxb3 59.a5 Rb4 60.a6 Ke5 61.Rxb6 Rxc4 62.Kb7 Ra4 63.a7 Rxa7+
64.Kxa7 c4 65.Rc6  1-0

[Event "Meltwater Tour Final 2021"]
[Site "chess24.com INT"]
[Date "2021.10.01"]
[Round "6.5"]
[White "Mamedyarov,S"]
[Black "Nakamura,Hi"]
[Result "1-0"]
[WhiteElo "2762"]
[BlackElo "2736"]

1.Nf3 d5 2.g3 g6 3.Bg2 Bg7 4.d4 Nd7 5.O-O Ngf6 6.c4 dxc4 7.Nbd2 Nb6 8.Qc2 O-O
9.e4 c6 10.Re1 e5 11.Nxe5 Qxd4 12.Ndf3 Qd8 13.a4 Be6 14.a5 Nbd7 15.a6 Nxe5
16.Nxe5 Qe7 17.Be3 Rfd8 18.h3 Ne8 19.Nxc4 b6 20.e5 Bd5 21.Bxd5 cxd5 22.Na3 Rdc8
23.Qd3 Qxe5 24.Nb5 Qxb2 25.Qxd5 Rd8 26.Qc4 Nd6 27.Nxd6 Rxd6 28.Rad1 Qf6 29.Qc7 Bf8
30.Qb7 Rad8 31.Rxd6 Rxd6 32.Qxa7 Qc3 33.Rc1 Qa3 34.Qb8 Rd3 35.Bh6 g5 36.Qxf8+ Qxf8
37.Bxf8  1-0

[Event "Meltwater Tour Final 2021"]
[Site "chess24.com INT"]
[Date "2021.10.01"]
[Round "6.4"]
[White "Mamedyarov,S"]
[Black "Nakamura,Hi"]
[Result "1/2-1/2"]
[WhiteElo "2762"]
[BlackElo "2736"]

1.Nf3 d5 2.g3 g6 3.Bg2 Bg7 4.d4 Nd7 5.O-O Ngf6 6.c4 dxc4 7.Na3 Nb6 8.Nxc4 Nxc4
9.Qa4+ c6 10.Qxc4 Be6 11.Qa4 Bd5 12.Rd1 O-O 13.Ne5 Bxg2 14.Kxg2 Qd5+ 15.f3 Rfd8
16.Be3 c5 17.Rac1 cxd4 18.Qxd4 Ng4 19.Qxg4 Qxe5 20.Rxd8+ Rxd8 21.Rc8 Rf8
22.Kf2 Qxb2 23.Rxf8+ Bxf8 24.Qc8 Qa3 25.Qxb7 Qxa2 26.Qxa7 Qxa7 27.Bxa7 e6
28.e4 h5 29.Kg2 f5 30.exf5 exf5 31.h3 Kf7 32.g4 fxg4 33.hxg4 hxg4 34.fxg4 Ke6
35.Kf3 Be7 36.Kg2 Bf6 37.Kf3 Be7 38.Kg2 Bf6 39.Kf3 Be7  1/2-1/2